Statistiques concernant Sexe, drogue, ceri$e$ & rock n' roll

Cliquez ici pour prendre le quiz!

Statistiques générales

  • Ce quiz a été pris 5 fois
  • Le résultat moyen est 14 sur 20

Statistiques - réponses

% Correct
chaque soir je renifle ton chandailparcimonieusement
100%
au fond rien ne change, je t'aimerai encoreanticonstitutionnellement
100%
tantôt je t'ai vue avec ton noueau chumpornographiquement
100%
quel cauchemar lorsqu'on ne sait pas si on rêveprémonitoirement
75%
j'avais compris que tu partais voir ailleursgéographiquement
75%
mais l'été achève et on sera de nouveau ensembleacadémiquement
75%
je m'attends au pire et serai prêt à me battrecardiologiquement
75%
j'en viens à croire qu'il faudrait me les enleverchirurgicalement
75%
je ne portais pas de casque et maintenant le regretteastronomiquement
75%
même si encore aujourd'hui je dors au gazphéromonalement
75%
je retiens mon souffle et je pars te rejoindretranscanadiennement
75%
quel beau voyage que de rêver en couleurspsychadéliquement
75%
mais ce matin, je suis retombé sur terrevertigineusement
75%
force est d'admettre que la nuit porte conseilépouvantablement
75%
tu me disais « partir pour mieux revenir »paradoxalement
75%
saches au moins que toujours je t'ai aiméepatriotiquement
50%
bah oui je m'en conte des histoires pas possiblearithmétiquement
50%
t'imagines-tu, je me prends pour terry foxsomnambuliquement
50%
parmi les étoiles, on dansait sur une jambetalentueusement
25%
j'ai beau capturer les papillons dans mon ventremachiavéliquement
25%

Distribution des résultats

Percentile by Number Answered

% des personnes avec chaque résultat

Votre développement - résultats

Vous n’avez pas pris ce quiz